عرض عادي
عرض مارك
- Antennas (Electronics)
مدخل مصطلح موضوعي
001 - رقم الضبط
- حقل الضبط: 12112
003 - معرف رقم الضبط
- حقل الضبط: OSt
005 - تاريخ ووقت أخر عملية
- حقل الضبط: 20120428025659.0
008 - عناصر بيانات ثابتة الطول
- حقل تحكم ثابت الطول: 120428|||a|||||| | ||| d
040 ## - مصدر الفهرسة
- هيئة الفهرسة الأصلية: OSt
- وكالة الكتابة: OSt
150 ## - مدخل-- مصطلح تاريخي
- عنصر مدخل المصطلح الموضوعي او الاسم الجغرافي: Antennas (Electronics)
670 ## - بيانات المصدر موجوده
- الاستشهاد بالمصدر: Work cat.: (OSt)24058: Smith, B. W. (Brian Ward), 1937- 12111, Communication structures /, 2007.
